Statistiques concernant Pays qualifiés pour la finale de l'Eurovision 2022 (Turin)

Cliquez ici pour prendre le quiz!

Statistiques générales

  • Ce quiz a été pris 36 fois
  • Le résultat moyen est 18 sur 20

Statistiques - réponses

Réponses% Correct
Suède
100%
Estonie
97%
Finlande
97%
Norvège
97%
Pologne
97%
Portugal
97%
Ukraine
97%
Grèce
93%
Lituanie
93%
Pays-Bas
93%
Serbie
93%
Suisse
93%
Belgique
90%
Roumanie
90%
Moldavie
83%
Tchéquie
83%
Islande
80%
Azerbaïdjan
77%
Arménie
73%
Australie
73%

Distribution des résultats

Percentile par nombre de réponses

% des personnes avec chaque résultat

Votre développement - résultats

Vous n’avez pas pris ce quiz